000 00916nam a22001815i 4500
001 156010
003 ES-MaACL
005 20230906210306.0
008 040826s1899 sp |||| | spa d
040 _aCAM
_bspa
_cCAM
110 2 _aInstituto Provincial de Segunda Enseñanza de Guipúzcoa (San Sebastián)
_9134537
245 1 0 _aMemoria acerca del estado del Instituto Provincia de Segunda Enseñanza de Guipúzcoa durante el curso de 1897 á 1898 /
_cpor Marcelo Llorente y Sánchez.
260 _aSan Sebastián :
_b[s.n.],
_c1899 (
_fImp. de J. Baroja é Hijo)
300 _a74 p., [1] h. pleg. ;
_c23 cm.
610 2 4 _aInstituto Provincial de Segunda Enseñanza de Guipuzcoa (San Sebastián)-
_vMemorias.
_9144977
700 0 _aLlorente y Sánchez, Marcelo.
_972917
852 _aES-MaACL
_jT-867-F-13
_z-- Enc. hol., conservando la cub. original
_z-- An. ms.: donativo del autor
_z-- Enc. en un vol. facticio
999 _c156010
_d156010